| 000 | 00575nam a2200181 i 4500 | ||
|---|---|---|---|
| 001 | 37764 | ||
| 003 | ES-MaACL | ||
| 005 | 20251005063036.0 | ||
| 007 | t| | ||
| 008 | 030221s1904 sp ||||1| spa d | ||
| 100 | 1 |
_aCaballero de Puga, Eduardo, _d1847-1943 _933103 |
|
| 245 | 1 | 0 |
_aFlores al viento _b: poesías / _cEduardo Caballero de Puga ; prólogo de José Fernández Bremón. |
| 260 |
_aMadrid : _bJaime Ratés, _c1904. |
||
| 300 |
_a170 p. ; _c20 cm. |
||
| 700 | 1 |
_aFernández Bremón, José. _949524 |
|
| 852 |
_aES-MaACL _jA-3712 |
||
| 999 |
_c37764 _d37764 |
||